01068 2200313 4500001002100000005001500021035002000036007000300056008004100059336002100100337002300121338003800144040002200182100002900204245008500233300003100318020002200349082001700371084001900388264003100407500006900438538007600507650002000583850001200603852002000615856007500635990002200710990002200732INLIS00000000086271920210721014337 a0010-0721000954ta210721s2014 jki gs 0 f ind d 2rdacontentateks 2rdamediaakomputer 2rdacarrierasumber sambung jaring aYOPDYOGbinderda0 aDion SagirangePengarang10aBeautiful regret :bmengenangmu serupa menyesap luka yang manis /cDion Sagirang a1 berkas komputer (5,8 MB) a978-602-251-520-304223a899.2213 a899.2213 DIO b31aJakarta :bGrasindo,c2014 aUntuk mengakses buku ini silakan unduh aplikasi http://ijogja.id aAndroid : versi 4.0 atau di atasnya, memori 1 GB, layar tampilan 4-inch 4aFiksi Indonesia aYOPDYOG8 aaplikasi iJogja40ahttp://ijogja.id/publications/books/14106nPerpustakaan Digital iJogja a002155-EPD/B.2016 a002156-EPD/B.2016